<?xml version="1.0" encoding="UTF-8"?>
<record
    xmlns:xsi="http://www.w3.org/2001/XMLSchema-instance"
    xsi:schemaLocation="http://www.loc.gov/MARC21/slim http://www.loc.gov/standards/marcxml/schema/MARC21slim.xsd"
    xmlns="http://www.loc.gov/MARC21/slim">

  <leader>01792    a2200205   4500</leader>
  <controlfield tag="001">39411</controlfield>
  <controlfield tag="005">20260407155652.0</controlfield>
  <controlfield tag="008">260407a1971    arg                 spa d</controlfield>
  <controlfield tag="003">AR-UNSa-BCEJYS</controlfield>
  <datafield tag="040" ind1=" " ind2=" ">
    <subfield code="a">AR-UNSa-BCEJYS</subfield>
    <subfield code="b">spa</subfield>
    <subfield code="c">AR-UNSa-BCEJYS</subfield>
  </datafield>
  <datafield tag="080" ind1=" " ind2=" ">
    <subfield code="a">336.5</subfield>
    <subfield code="x">Gasto p&#xFA;blico. Gastos del estado </subfield>
  </datafield>
  <datafield tag="245" ind1="1" ind2="0">
    <subfield code="a">Manual de econom&#xED;a financiera</subfield>
  </datafield>
  <datafield tag="264" ind1=" " ind2="1">
    <subfield code="a">Madrid :</subfield>
    <subfield code="b">Editorial del Derecho Financiero</subfield>
    <subfield code="c">1971</subfield>
  </datafield>
  <datafield tag="300" ind1=" " ind2=" ">
    <subfield code="a">342 p.</subfield>
    <subfield code="c">24 cm.</subfield>
  </datafield>
  <datafield tag="505" ind1=" " ind2=" ">
    <subfield code="a">1. Actividad econ&#xF3;mica y actividad financiera - 2. La actividad financiera y su consideraci&#xF3;n cientifica - 3. El car&#xE1;cter de la actividad financiera - 4. El estado y la actividad econ&#xF3;mica - 5. El gasto p&#xFA;blico - 6. Cuant&#xED;a del gasto p&#xFA;blico - 7. Efectos econ&#xF3;micos del gasto p&#xFA;blico: principios generales - 8. Gasto p&#xFA;blico y distribuci&#xF3;n de rentas - 9. Nivel &#xF3;ptimo de la actividad financiera del estado - 10. Concepto de ingreso p&#xFA;blico - 11. Precios p&#xFA;blico - 12. Los precios pol&#xED;ticos - 13. Teor&#xED;a general del Impuesto - 14. Distribuci&#xF3;n formal del impuesto - 15. Presi&#xF3;n fiscal y actividad econ&#xF3;mica - 16. Presi&#xF3;n fiscal sobre las empresas - 17. Distribuci&#xF3;n econ&#xF3;mica del impuesto - 18. Traslaci&#xF3;n del impuesto - 19. El impuesto y la conyuntura - 20. Principios generales y tipos de impuestos - 21. Sistemas real de imposici&#xF3;n - 22. Impuesto sobre el patrimonio - 23. La imposici&#xF3;n indirecta - 24. Hacienda ordinaria y extraordinaria - 25. Deuda p&#xFA;blica - 26. Concepto y naturaleza del presupuesto - 27. Equilibrio presupuestario y equilibrio econ&#xF3;mico - 28. Pol&#xED;ticas de estabilizaci&#xF3;n - 29. Pol&#xED;ticas de desarrollo - 30. Modelos te&#xF3;ricos y el volumen y estructura de la Deuda</subfield>
  </datafield>
  <datafield tag="041" ind1=" " ind2=" ">
    <subfield code="a">spa</subfield>
  </datafield>
  <datafield tag="942" ind1=" " ind2=" ">
    <subfield code="c">BK</subfield>
  </datafield>
  <datafield tag="590" ind1=" " ind2=" ">
    <subfield code="a">niveau_biblio:m niveau_hierar:0</subfield>
  </datafield>
  <datafield tag="100" ind1="1" ind2=" ">
    <subfield code="a">Banacloche Perez, Julio</subfield>
  </datafield>
  <datafield tag="999" ind1=" " ind2=" ">
    <subfield code="c">3041</subfield>
    <subfield code="d">3041</subfield>
  </datafield>
  <datafield tag="952" ind1=" " ind2=" ">
    <subfield code="0">0</subfield>
    <subfield code="1">0</subfield>
    <subfield code="4">0</subfield>
    <subfield code="7">0</subfield>
    <subfield code="a">BCEJYS</subfield>
    <subfield code="b">BCEJYS</subfield>
    <subfield code="c">16</subfield>
    <subfield code="d">2026-04-07</subfield>
    <subfield code="l">0</subfield>
    <subfield code="o">336.5 B212</subfield>
    <subfield code="p">L125725</subfield>
    <subfield code="r">2026-04-07 15:56:52</subfield>
    <subfield code="w">2026-04-07</subfield>
    <subfield code="y">L</subfield>
  </datafield>
</record>
